[Event "ROM-ch U10 Boys"]
[Site "Voineasa"]
[Date "2008.04.15"]
[Round "5"]
[White "Petre, Emilian Andrei"]
[Black "Bruchental Pop, Flavius"]
[Result "1-0"]
[WhiteElo "401"]
[BlackElo "401"]
[PlyCount "81"]
[EventDate "2008.04.08"]
[EventType "swiss"]
[EventRounds "9"]
[EventCountry "ROU"]
[SourceTitle "EXT 2013"]
[Source "ChessBase"]
[SourceDate "2012.11.22"]
[SourceVersion "1"]
[SourceVersionDate "2012.11.22"]
[SourceQuality "1"]

1. e4 c5 2. Nf3 e6 3. d4 cxd4 4. Nxd4 d6 5. Bb5+ Bd7 6. Bxd7+ Nxd7 7. 0-0 Ngf6 8. Nc3 a6 9. Bg5 Be7 10. Bxf6 Bxf6 11. Re1 Qc7 12. g3 0-0 13. Qd3 Rfd8 14. b4 Rac8 15. Re2 Qxc3 16. Qxc3 Rxc3 17. Rd1 Rdc8 18. Red2 R3c4 19. Nf3 Be7 20. e5 Nxe5 21. Nxe5 dxe5 22. h3 h6 23. Rd7 Bxb4 24. Rxb7 f5 25. Rdd7 Bf8 26. h4 Rxc2 27. h5 Kh7 28. Rf7 Rd2 29. a3 Bc5 30. Rxg7+ Kh8 31. Rh7+ Kg8 32. Rbg7+ Kf8 33. Rf7+ Ke8 34. Rfg7 Rdd8 35. Rxh6 Bxa3 36. Rxe6+ Kf8 37. h6 Bb2 38. Rf6+ Ke8 39. h7 Ba3 40. h8Q+ Bf8 41. Qxf8# 1-0